Southville International School and Colleges
Your cart is empty.
  • Cart
  • Lists
    Public lists Eva Luna New books Lux_list list_1
    Your lists Log in to create your own lists
  • Log in to your account
  • Your cookies
  • Search history
Southville International School and Colleges
  • Advanced search
  • Recent comments
  • Most popular
  • Libraries

Log in to your account

Log in with GOOGLE


If you do not have an external account, but do have a local account, you can still log in:

  1. Home
  2. MARC view: General management skills for hotel managers /
Normal view MARC view ISBD view

General management skills for hotel managers / (Record no. 368359)

[ view plain ]
MARC details
000 -LEADER
fixed length control field 00769nam a22002417a 4500
003 - CONTROL NUMBER IDENTIFIER
control field 0
005 - DATE AND TIME OF LATEST TRANSACTION
control field 20251027160631.0
008 - FIXED-LENGTH DATA ELEMENTS--GENERAL INFORMATION
fixed length control field 251027b xxu||||| |||| 00| 0 eng d
020 ## - INTERNATIONAL STANDARD BOOK NUMBER
International Standard Book Number 978-1-98468-002-0
050 ## - LIBRARY OF CONGRESS CALL NUMBER
Classification number TX 911.3.M27
Item number .T47 2023
110 ## - MAIN ENTRY--CORPORATE NAME
Corporate name or jurisdiction name as entry element 3G E-Learning
245 ## - TITLE STATEMENT
Title General management skills for hotel managers /
Statement of responsibility, etc 3G E-Learning.
250 ## - EDITION STATEMENT
Edition statement Third edition.
260 ## - PUBLICATION, DISTRIBUTION, ETC. (IMPRINT)
Place of publication, distribution, etc New York, NY :
Name of publisher, distributor, etc 3G E-Learning LLC,
Date of publication, distribution, etc 2023.
300 ## - PHYSICAL DESCRIPTION
Extent x, 186 pages :
Other physical details colored illustrations ;
Dimensions 26 cm.
504 ## - BIBLIOGRAPHY, ETC. NOTE
Bibliography, etc Includes bibliographical references and index.
650 ## - SUBJECT ADDED ENTRY--TOPICAL TERM
Topical term or geographic name as entry element Hotel management.
650 ## - SUBJECT ADDED ENTRY--TOPICAL TERM
Topical term or geographic name as entry element Hospitality industry
General subdivision Management.
650 ## - SUBJECT ADDED ENTRY--TOPICAL TERM
Topical term or geographic name as entry element Hotels
General subdivision Business management.
650 ## - SUBJECT ADDED ENTRY--TOPICAL TERM
Topical term or geographic name as entry element Leadership.
650 ## - SUBJECT ADDED ENTRY--TOPICAL TERM
Topical term or geographic name as entry element Supervisory skills.
942 ## - ADDED ENTRY ELEMENTS (KOHA)
Source of classification or shelving scheme Library of Congress Classification
Koha item type Books
Holdings
Withdrawn status Lost status Source of classification or shelving scheme Damaged status Home library Current library Shelving location Date acquired Source of acquisition Sub Shelving location Total Checkouts Full call number Barcode Date last seen Price effective from Koha item type
    Library of Congress Classification   College Library College Library Reserve Section 06/24/2025 Library Fund     TX 911.3.M27 .T47 2023 C25452 10/27/2025 10/27/2025 Books

General management skills for hotel managers /

APA

3G E-Learning, . (2023). General management skills for hotel managers. New York, NY: 3G E-Learning LLC.

Chicago

3G E-Learning, . 2023. General management skills for hotel managers. New York, NY: 3G E-Learning LLC.

Harvard

3G E-Learning, . (2023). General management skills for hotel managers. New York, NY: 3G E-Learning LLC.

MLA

3G E-Learning, . General management skills for hotel managers. New York, NY: 3G E-Learning LLC. 2023.

  • Place hold
  • Print
  • Cite
  • Add to your cart (remove)
  • Save record
    BIBTEX Dublin Core MARCXML MARC (non-Unicode/MARC-8) MARC (Unicode/UTF-8) MARC (Unicode/UTF-8, Standard) MODS (XML) RIS
  • More searches
    Search for this title in:
    Other Libraries (WorldCat) Other Databases (Google Scholar) Online Stores (Bookfinder.com) Open Library (openlibrary.org)

Exporting to Dublin Core...

SOUTHVILLE LIBRARY

Southville International School and Colleges Library

1281 Tropical Ave. Cor. Luxembourg St., BF Homes International, Las Pinas City

Tel. No. 8256374 / 252358 Loc. 117/146

Powered by Koha